000 00375nam a2200145Ia 4500
003 OSt
005 20231215061711.0
008 170524s9999 xx 000 0 und d
020 _a9788173919039
040 _cIIMT UNIVERSITY
100 _aVACHANI- JAGDISH
245 0 _aPUBLIC RELATIONS MANAGEMENT IN MEDIA AND JOURNALISM
260 _bNEW DELHI: KANISHKA
942 _2ddc
_c01
999 _c9326
_d9326